Water from private wells poses risk (Record no. 65789)
[ view plain ]
| 000 -LEADER | |
|---|---|
| fixed length control field | 01195cam a2200253 4500 |
| 001 - CONTROL NUMBER | |
| control field | WB3702-09 |
| 008 - FIXED-LENGTH DATA ELEMENTS--GENERAL INFORMATION | |
| fixed length control field | 000000n2001 000 0 eng u |
| 035 ## - SYSTEM CONTROL NUMBER | |
| System control number | (Sirsi) u110319 |
| 245 ## - TITLE STATEMENT | |
| Title | Water from private wells poses risk |
| 260 ## - PUBLICATION, DISTRIBUTION, ETC. | |
| Date of publication, distribution, etc. | 2001 |
| 490 ## - SERIES STATEMENT | |
| Series statement | Times |
| Volume/sequential designation | 10 January 2001, 12(1) |
| 520 ## - SUMMARY, ETC. | |
| Summary, etc. | Government has requested all local authorities to test private water supplies for levels of radioactive elements. This move follows DETR research carried out in West Devon by the British Geological Survey, which found 15% of private water sources contained too much radon, and 7% contained unsafe levels of uranium, both carcinogenic elements. DETR radiation reports including West Devon study available at: www.environment.detr.gov.uk/radioactivity/research/complete/index.htm. National Radiological Protection Board maps of radon exposure available at: www.nrpb.org.uk/Radnmap.htm. |
| 590 ## - LOCAL NOTE (RLIN) | |
| Local note | WB |
| 650 ## - SUBJECT ADDED ENTRY--TOPICAL TERM | |
| Topical term or geographic name entry element | RADIOACTIVE CONTAMINATION |
| 650 ## - SUBJECT ADDED ENTRY--TOPICAL TERM | |
| Topical term or geographic name entry element | CARCINOGENS |
| 650 ## - SUBJECT ADDED ENTRY--TOPICAL TERM | |
| Topical term or geographic name entry element | HEALTH HAZARDS |
| 650 ## - SUBJECT ADDED ENTRY--TOPICAL TERM | |
| Topical term or geographic name entry element | URANIUM |
| 650 ## - SUBJECT ADDED ENTRY--TOPICAL TERM | |
| Topical term or geographic name entry element | DEVON |
| 650 ## - SUBJECT ADDED ENTRY--TOPICAL TERM | |
| Topical term or geographic name entry element | RADON |
| 650 ## - SUBJECT ADDED ENTRY--TOPICAL TERM | |
| Topical term or geographic name entry element | WELLS |
| 650 ## - SUBJECT ADDED ENTRY--TOPICAL TERM | |
| Topical term or geographic name entry element | PRIVATE WATER SUPPLIES |
| 690 ## - LOCAL SUBJECT ADDED ENTRY--TOPICAL TERM (OCLC, RLIN) | |
| Topical term or geographic name as entry element | ENVIRONMENT-CONTAMINATION |
| 942 ## - ADDED ENTRY ELEMENTS (KOHA) | |
| Suppress in OPAC | 0 |
| Withdrawn status | Lost status | Source of classification or shelving scheme | Damaged status | Not for loan | Home library | Current library | Shelving location | Date acquired | Total Checkouts | Full call number | Barcode | Date last seen | Copy number | Price effective from | Koha item type |
|---|---|---|---|---|---|---|---|---|---|---|---|---|---|---|---|
| Dewey Decimal Classification | London | London | News article | 11/01/2001 | WB3702-09 | 110319-1001 | 06/08/2019 | 1 | 06/08/2019 | News article |